书目信息 |
| 题名: |
生成语法理论与汉语语法研究
|
|
| 作者: | 沈阳 , 何元建 , 顾阳 著 | |
| 分册: | ||
| 出版信息: | 哈尔滨 黑龙江教育出版社 2001 |
|
| 页数: | 712页 | |
| 开本: | 20cm | |
| 丛书名: | 语言研究新思维丛书 | |
| 单 册: | ||
| 中图分类: | H04 | |
| 科图分类: | ||
| 主题词: | 转换--生成语法--研究 , 汉语--语法--研究 | |
| 电子资源: | ||
| ISBN: | 7-5316-3780-4 | |
| 000 | 00829nam2 2200265 45 | |
| 001 | 0312291682 | |
| 005 | 20031229164325.8 | |
| 010 | @a7-5316-3780-4@dCNY36.00 | |
| 100 | @a20031229d2001 km y0chiy0120 ea | |
| 101 | 0 | @achi |
| 105 | @a z 000yy | |
| 200 | 1 | @a生成语法理论与汉语语法研究@ASheng Cheng Yu Fa Li Lun Yu Han Yu Yu Fa Yan Jiu@f沈阳,何元建,顾阳著@FShen Yang,He Yuan Jian,Gu Yang Zhu |
| 210 | @a哈尔滨@c黑龙江教育出版社@d2001 | |
| 215 | @a712页@d20cm | |
| 225 | @a语言研究新思维丛书@f戴昭铭主编 | |
| 410 | @12001 @a语言研究新思维丛书 | |
| 410 | @1700 0@a戴昭铭@ADai Zhao Ming@4主编 | |
| 606 | 0 | @a转换@x生成语法@x研究 |
| 606 | 0 | @a汉语@x语法@x研究 |
| 690 | @aH04@v4 | |
| 701 | 0 | @a沈阳@4著 |
| 701 | 0 | @a何元建@4著 |
| 701 | 0 | @a顾阳@4著 |
| 801 | @aCN@bTSTC@c20031229 | |
| 905 | @b330689-693@dH04@e42@f5 | |
| 生成语法理论与汉语语法研究/沈阳,何元建,顾阳著.-哈尔滨:黑龙江教育出版社,2001 |
| 712页;20cm.-(语言研究新思维丛书/戴昭铭主编) |
| ISBN 7-5316-3780-4:CNY36.00 |
| ● |
| 相关链接 |
|
|
|
|
正题名:生成语法理论与汉语语法研究
索取号:H04/42
 
预约/预借
| 序号 | 登录号 | 条形码 | 馆藏地/架位号 | 状态 | 备注 |
| 1 | 0330689 | 203306895 | 第四借阅区/ [索取号:H04/42] | 在馆 | |
| 2 | 0330690 | 203306902 | 第四借阅区/ [索取号:H04/42] | 在馆 | |
| 3 | 0330691 | 203306911 | 第四借阅区/ [索取号:H04/42] | 在馆 | |
| 4 | 0330692 | 203306920 | 第四借阅区/ [索取号:H04/42] | 在馆 | |
| 5 | 0330693 | 203306939 | 第二样本阅览室/ [索取号:H04/42] | 在馆 |